000 00839nas a2200253 4500
001 BR9701726
003 BR-BrBNA
005 20231205100119.0
007 ta
008 230509b bl.|||p| |||| 00| 00por d
040 _aBR-BrBNA
_bpor
_cBiblioteca Nacional de Agricultura
041 _a(Pt)
072 _aL72
100 1 _aVarella, A.
100 1 _aMalta, J.C.O.
245 1 _aGamidactylus hoplius sp. n. (Copepoda, poecilostomatoida, valgamidae)das fossas nasais de Hoplias malabaricus (Bloch, 1794)(Characiformes, erythrynidae)da Amazonia brasileira
650 _aParasito de Animal
650 _aPeixe
650 _aCopepoda
650 _aAmazonia
773 0 _tActa Amazonica (Brazil)
_xISSN 0044-5967
_g(Sep-Dec 1995), v. 25(3-4) p. 281-288
_wBR9701726
909 _a202311
_bLúcia
_c55
_dLúcia Elande
942 _2AGRIS
_n0
_cANA
999 _c154384
_d154384